000 00319nam a2200109Ia 4500
008 171211s9999 xx 000 0 und d
245 4 _aThe Continuing Evolution of Europe
245 _cThiess Buettner and Wolfgang Ochel
260 _c2011
650 _xECONOMICS
856 _uhttp://down.ebook777.com/062/0262017016.pdf
999 _c349600
_d349600